Aurangzīb and the decay of the Mughal Empire. (Record no. 553168)

000 -LEADER
fixed length control field 00371cam a22001331 4500
082 ## - DEWEY DECIMAL CLASSIFICATION NUMBER
Classification number 954.031
Author Mark LAN
100 1# - MAIN ENTRY--PERSONAL NAME
Personal name Lane-Poole, Stanley,
9 (RLIN) 49559
245 10 - TITLE STATEMENT
Title Aurangzīb and the decay of the Mughal Empire.
260 ## - PUBLICATION, DISTRIBUTION, ETC.
Place of publication, distribution, etc. Delhi,
Name of publisher, distributor, etc. S. Chand
Date of publication, distribution, etc. [1964]
300 ## - PHYSICAL DESCRIPTION
Extent 212 p.
Other physical details illus.
Dimensions 19 cm.
526 ## - STUDY PROGRAM INFORMATION NOTE
Program name 0
Interest level 0
Reading level 0
Title point value 954_031000000000000_LAN
650 ## - SUBJECT ADDED ENTRY--TOPICAL TERM
Topical term or geographic name entry element MCE
9 (RLIN) 379
942 ## - ADDED ENTRY ELEMENTS (KOHA)
Source of classification or shelving scheme
Koha item type Book
Holdings
Withdrawn status Lost status Source of classification or shelving scheme Damaged status Not for loan Permanent Location Current Location Shelving location Date acquired Total Checkouts Full call number Date last seen Price effective from Koha item type
          Military College of Engineering (MCE) Military College of Engineering (MCE)   01/30/2015   954.031 LAN 01/30/2015 01/30/2015 Book
© 2023 Central Library, National University of Sciences and Technology. All Rights Reserved.